00313nam a2200109Ia 4500008004100000245005500041260004600096260000900142300000800151500001700159650002700176170224s9999 xx 000 0 und d 2aA Scientific adventure with Mr. Bob the green blob bPhilippine Information Technology Journal c2014 a7:1 aJanuary-June xInformation Technology